000 00836nam a2200229 a 4500
001 000234032
003 AM-YeHGA
005 20250618071601.0
008 030612s1959 ai ac|||r|||||||||0|arm|d
040 _aAM-YeHGA
041 0 _aarm
100 1 _aԴաշտենց, Խաչիկ Տոնոյի,
_d1910-1974
_99372
245 1 0 _aԲայրոնը և հայերը /
_cԽ. Դաշտենց ; Խմբ.՝ Ս. Սարգսյան.
260 _aԵրևան :
_bՀայպետհրատ,
_c1959.
300 _a179 էջ :
_bդիմանկ., նկ. ;
_c16 սմ.
504 _aՏողատակի ծանոթագր.՝ հայ. և օտար լեզուներով
600 1 0 _aԲայրոն, Ջորջ Գորդոն,
_d1788-1824
_95573
650 1 2 _aԳրականագիտություն
700 1 _aՍարգսյան, Ս.
_eխմբ.
_4edt
942 _2udc
_cBK
090 _c83928
999 _c82655
_d82655